00449nam a2200157Ia 4500003000900000008004100009020001800050040001600068080001600084100002200100245006600122260003500188300001000223650004100233650001700274IN-BaIIA211028s9999 xx 000 0 eng d a0-12-085150-4 cIIA Library a535.33bBEL aBell, Robert John 0aIntroductory fourier transform spectroscopycRobert John Bell aNew YorkbAcademic Pressc1972 a382p. aAstronomy and Astrophysics Thesaurus aSpectroscopy